000 00833nam a2200241Ia 4500
003 OSt
005 20220923215059.0
006 a|||||r|||| 00| 0
007 ta
008 220922b |||||||| |||| 00| 0 hin d
024 _a175,389
037 _cTextual
040 _aARTS
_cARTS
_bhin
041 _2hin
_ahin
082 _aO152,6N06:g, K5
100 _aशर्मा, रामाघार
_9156279
245 0 _aआचार्य नन्ददुलारे वाजपेयी
_b व्यक्ति और साहित्य
246 _aĀchārya nandadulāre vājapeyī: vyakti aur sāhitya
260 _c1965
650 _aहिन्दी साहित्य
_9156264
942 _hO152,6N06:g, K5
_cTEXL
_2CC
999 _c329093
_d329093